000 00765cab a22001935a 4500
001 L137377
008 070403e2007 xxk 000 0 eng d
035 _a(Sirsi) u137377
041 0 _aeng
100 1 _aCook, Tim
245 0 0 _aMarket pressures
260 _c2007
490 0 _aPremises and Facilities Management
_vMarch 2007, 15-18(3)
520 _aReports that salary levels have stagnated across the United Kingdom in the facilities management sector. Discusses salary trends and the pressures on opportunities for careers in the sector. Graphs depict average salaries by job category across the UK and regional variations in average salaries.
590 _aKA
651 4 _aUnited Kingdom
_y
690 _aMANAGEMENT-FACILITIES MANAGEMENT
942 _n0
999 _c78588
_d78588